Normal view
MARC view
Entry Personal Name
001 - CONTROL NUMBER
- control field: 43699
003 - CONTROL NUMBER IDENTIFIER
- control field: OSt
005 - DATE AND TIME OF LATEST TRANSACTION
- control field: 20240228160952.0
008 - FIXED-LENGTH DATA ELEMENTS
- fixed length control field: 240228|| aca||aabn | a|a d
040 ## - CATALOGING SOURCE
- Original cataloging agency: OSt
- Transcribing agency: OSt
100 ## - HEADING--PERSONAL NAME
- Personal name: Sengupta, Anindita
670 ## - SOURCE DATA FOUND
- Source citation: Work cat.: (OSt)523618: Sengupta, Anindita , Effect of Covid-19 pandemic on employment and earning in urban India during the first three months of pandemic period: An analysis with unit-level data of periodic labour force survey
